Maximilian & the bingo rematch / (Record no. 1613)

MARC details
000 -LEADER
fixed length control field 01295nam a22003377a 4500
005 - DATE AND TIME OF LATEST TRANSACTION
control field 20250807154011.0
020 ## - INTERNATIONAL STANDARD BOOK NUMBER
International Standard Book Number 9781338152043
040 ## - CATALOGING SOURCE
Original cataloging agency DLC
Language of cataloging eng
Transcribing agency DLC
Description conventions rda
Modifying agency DLC
-- FISKH
050 00 - LIBRARY OF CONGRESS CALL NUMBER
Classification number PZ7.G21188
Item number Max 2013
082 00 - DEWEY DECIMAL CLASSIFICATION NUMBER
Classification number [Fic]
Edition number 23
100 1# - MAIN ENTRY--PERSONAL NAME
Personal name Garza, Xavier
Relator term author,
-- illustrator
245 10 - TITLE STATEMENT
Title Maximilian & the bingo rematch /
Statement of responsibility, etc. written and illustrated by Xavier Garza.
246 3# - VARYING FORM OF TITLE
Title proper/short title Maximilian and the bingo rematch
250 ## - EDITION STATEMENT
Edition statement First edition.
260 ## - PUBLICATION, DISTRIBUTION, ETC.
Place of publication, distribution, etc. New York :
Name of publisher, distributor, etc. Scholastic,
Date of publication, distribution, etc. 2013
300 ## - PHYSICAL DESCRIPTION
Extent 219 pages :
Other physical details illustrations ;
Dimensions 23 cm
500 ## - GENERAL NOTE
General note Sequel to: Lucha libre: the Man in the Silver Mask: a bilingual cuento.
505 ## - FORMATTED CONTENTS NOTE
Formatted contents note M
520 ## - SUMMARY, ETC.
Summary, etc. Everybody is fighting in sixth-grader Maximilian's world as his elderly aunts battle for the Queen Bingo trophy, his masked uncles wrestle for the tag-team title of the world, and his sweetheart and the "new girl" battle for Max's heart.
521 ## - TARGET AUDIENCE NOTE
Target audience note 640 <br/>
Source Lexile
521 ## - TARGET AUDIENCE NOTE
Target audience note M <br/>
Source Raz-Plus
521 ## - TARGET AUDIENCE NOTE
Target audience note Parallel English and Spanish text
650 #1 - SUBJECT ADDED ENTRY--TOPICAL TERM
Topical term or geographic name entry element Wrestling
Form subdivision Fiction.
650 #1 - SUBJECT ADDED ENTRY--TOPICAL TERM
Topical term or geographic name entry element Spanish
Form subdivision Language
650 #1 - SUBJECT ADDED ENTRY--TOPICAL TERM
Topical term or geographic name entry element Dating
Form subdivision Fiction.
650 #1 - SUBJECT ADDED ENTRY--TOPICAL TERM
Topical term or geographic name entry element Aunts
Form subdivision Fiction.
650 #1 - SUBJECT ADDED ENTRY--TOPICAL TERM
Topical term or geographic name entry element Mexican Americans
Form subdivision Fiction.
906 ## - LOCAL DATA ELEMENT F, LDF (RLIN)
a 7
b cbc
c orignew
d 1
e ecip
f 20
g y-gencatlg
942 ## - ADDED ENTRY ELEMENTS (KOHA)
Source of classification or shelving scheme Dewey Decimal Classification
Koha item type Books
Suppress in OPAC No
999 ## -
-- 1613
-- 1613
Holdings
Withdrawn status Lost status Source of classification or shelving scheme Damaged status Not for loan Collection Home library Current library Shelving location Date acquired Total Checkouts Full call number Barcode Date last seen Copy number Price effective from Koha item type
    Dewey Decimal Classification     Juvenile Fiction Footprints International School Library Network Toul Kork Campus Footprints International School Library Network Toul Kork Campus TK Primary Library Room(4th Floor), Bookcase 3&4, Shelves 17-32, Yellow Books 09/11/2023   GAR 831.6 PZ7.G21188 FISTK05427 09/11/2023 1 09/11/2023 Books
    Dewey Decimal Classification     Juvenile Fiction Footprints International School Library Network Toul Tom Poung Campus Footprints International School Library Network Toul Tom Poung Campus TTP Primary Yellow Bookshelves 08/07/2025   GAR 831.6 PZ7.G21188 FIS05599 08/07/2025 2 08/07/2025 Books